| 000 | 01608pam a2200289 a 4500 | ||
|---|---|---|---|
| 001 | 2550 | ||
| 003 | FISKH | ||
| 005 | 20231215082933.0 | ||
| 008 | 920122s1992 nyu b 001 0 eng | ||
| 010 | _a 92002793 | ||
| 020 | _a0312079087 | ||
| 020 | _a9780545481984 | ||
| 040 |
_aDLC _cDLC _dDLC _beng |
||
| 050 | 0 | 0 |
_aPR4034.E53 _bE4 1992 |
| 082 | 0 | 0 |
_a823/.7 _220 |
| 100 | _aAusten, Jane | ||
| 245 | 0 | 0 |
_aEmma / _cJane Austen |
| 250 | _aFirst Scholastic printing, September 2012 | ||
| 260 |
_aNew York : _bScholastic, _c1815 |
||
| 300 |
_a472 pages ; _c18 cm |
||
| 504 | _aIncludes bibliographical references (p. 186-191) and index. | ||
| 520 | _aEmma is a literary classic by Jane Austen following the genteel women of Georgian-Regency England in their most cherished sport: matchmaking. Emma is spoiled, headstrong, and self-satisfied. After a couple she has introduced gets married, she greatly overestimates her own matchmaking abilities and, blind to the dangers of meddling in other people's lives, proceeds to forge ahead in her new interest despite objections. What follows is a comedy of manners, in which Emma repeatedly counsels her friends for or against their marriage prospects, absent any notice of their true emotions or desires. This story is often cited as a personal favorite of critics and literary historians, and Emma is set apart from other Austen heroines by her seeming immunity to romantic attraction. | ||
| 650 |
_aRomance _vJuvenile literature |
||
| 650 |
_aNovel _vJuvenile literature |
||
| 906 |
_a7 _bcbc _corignew _d1 _eocip _f19 _gy-gencatlg |
||
| 942 |
_2ddc _cBK _n0 |
||
| 999 |
_c2550 _d2550 |
||